000 00605nam a22001937a 4500
999 _c157700
_d157700
005 20180926115628.0
010 _aENG-124058
020 _c795.00
_a9788178245164
035 _aEN-107590
037 _bDBAD/PUB
082 _a954.01
100 _aChattopadhyaya, B.D.
245 _aThe concept of bharatavarsha and other essays /
_cby B.D. Chattopadhyaya
260 _bPermanent Black
_aRanikhet
_c2017
270 _a'Himalayan', Mall Road, Ranikhet cantt,
_bRanikhet
_e263645
300 _ax,227p
_c21cm.(Pbk.)
500 _aIt includes index
942 _2ddc
_cEN
_mCHA
_h954.01